Arte medieval
Salvato in:
| Autori principali: | , , |
|---|---|
| Natura: | Libro |
| Lingua: | spagnolo |
| Pubblicazione: |
Barcelona
Gustavo Gili
1982
|
| Serie: | Fuentes y Documentos para la Historia del Arte, 2-3
|
| Soggetti: | |
| Tags: |
Aggiungi Tag
Nessun Tag, puoi essere il primo ad aggiungerne!!
|
MARC
| LEADER | 00000nam a2200000 a 4500 | ||
|---|---|---|---|
| 001 | UCP9808 | ||
| 003 | CL-VaPUC | ||
| 008 | 000407e19820000SP |||||||||||||||||spa|d | ||
| 082 | 0 | 4 | |a 709.02 |b YAR |2 21 |
| 100 | 0 | |a Yarza, Joaquín |e author |9 440652 | |
| 700 | 0 | |a Guardia, Milagros |e author |9 440653 | |
| 700 | 0 | |a Vicens, Teresa |e author |9 440654 | |
| 245 | 1 | 0 | |a Arte medieval |
| 300 | |a 2 v | ||
| 942 | |c BK | ||
| 945 | |d 20000407 00:00:00 |a crobeson | ||
| 260 | |a Barcelona |b Gustavo Gili |c 1982 | ||
| 500 | |a v.1: Alta edad media y Bizancio | ||
| 500 | |a v.2: Románico y gótico | ||
| 650 | 0 | |a Historia del arte |9 314877 | |
| 650 | 0 | |a Arte medieval |9 267894 | |
| 650 | 0 | |a Arte bizantino |9 267895 | |
| 650 | 0 | |a Arte románico |9 301890 | |
| 650 | 0 | |a Arte gótico |9 265512 | |
| 650 | 0 | |a Arte cristiano |9 265204 | |
| 650 | 0 | |a Iconografía |9 267998 | |
| 650 | 0 | |a Arte carolingio |9 268443 | |
| 583 | |a last modification |c 20000407 00:00:00 |k Rodrigo Vera | ||
| 490 | 0 | |a Fuentes y Documentos para la Historia del Arte, 2-3 | |
| 999 | |c 286590 |d 286588 | ||
| 952 | |0 0 |1 0 |4 0 |6 709_020000000000000_YAR_1982 |7 0 |8 X |9 332610 |a BIBHIS |b BIBHIS |d 2019-11-20 |h v.1 |i 1398172 |l 7 |o 709.02 YAR 1982 |p 1398172 |r 2024-11-15 |s 2024-11-15 |w 2019-11-20 |y BK_X |k HIS | ||
| 952 | |0 0 |1 0 |4 0 |6 709_020000000000000_YAR_1982 |7 0 |8 X |9 332611 |a BIBHIS |b BIBHIS |d 2019-11-20 |h v.2 |i 1398180 |l 4 |o 709.02 YAR 1982 |p 1398180 |r 2024-09-30 |s 2024-09-30 |w 2019-11-20 |y BK_X |k HIS | ||
| 952 | |0 0 |1 0 |4 0 |6 709_020000000000000_YAR_1982 |7 0 |8 P |9 332612 |a BIBEDU |b BIBEDU |c BIBEDU_PB |d 2019-11-20 |h v.1 |i 4740262 |l 3 |o 709.02 YAR 1982 |p 4740262 |r 2024-08-14 |s 2024-08-07 |w 2019-11-20 |y BK |k FIL | ||
| 952 | |0 0 |1 0 |4 0 |6 709_020000000000000_YAR_1982 |7 0 |8 P |9 332613 |a BIBEDU |b BIBEDU |c BIBEDU_PB |d 2019-11-20 |h v.2 |i 4740270 |l 1 |o 709.02 YAR 1982 |p 4740270 |r 2024-08-14 |s 2024-08-07 |w 2019-11-20 |y BK |k FIL | ||